000 00442nam a2200133Ia 4500
008 220217s9999 xx 000 0 und d
245 0 _aMethods of testing vulcanized rubber. Part A 9: Determination of abrasion resistance
260 _aLondon
260 _c1957
_bBritish Standards Institution
490 _aBritish standards
500 _aStandard number: BS 903: Part A 9
650 _aRubber vulcanized, abrasion resistance
942 _cST
999 _c73252
_d73252